Indian scientific nomenclature of birds of India Burma and Ceylon / (Record no. 122845)

MARC details
000 -LEADER
fixed length control field 00728nam a22002297a 4500
005 - DATE AND TIME OF LATEST TRANSACTION
control field 20170124105916.0
010 ## - LIBRARY OF CONGRESS CONTROL NUMBER
LC control number 002094
020 ## - INTERNATIONAL STANDARD BOOK NUMBER
Terms of availability 15.00
035 ## - SYSTEM CONTROL NUMBER
System control number 002094
037 ## - SOURCE OF ACQUISITION
Source of stock number/acquisition Cen Lib/Ret
040 ## - CATALOGING SOURCE
Original cataloging agency DPL
Language of cataloging EN
082 ## - DEWEY DECIMAL CLASSIFICATION NUMBER
Classification number 598.20954
Item number VIR
100 ## - MAIN ENTRY--PERSONAL NAME
Personal name Vira, Raghu
9 (RLIN) 2646
245 ## - TITLE STATEMENT
Title Indian scientific nomenclature of birds of India Burma and Ceylon /
Remainder of title by Raghu Vira [and] K. N. Dave
260 ## - PUBLICATION, DISTRIBUTION, ETC. (IMPRINT)
Place of publication, distribution, etc Nagpur
Name of publisher, distributor, etc The International Academy of Indian Culture
Date of publication, distribution, etc 1949
270 ## - ADDRESS
Address The Aryabharti Mudranalaya
City Nagpur
300 ## - PHYSICAL DESCRIPTION
Extent xxix,537p.
Dimensions 17cm (Hb)
650 ## - SUBJECT ADDED ENTRY--TOPICAL TERM
Topical term or geographic name as entry element Orrithology
9 (RLIN) 2647
650 ## - SUBJECT ADDED ENTRY--TOPICAL TERM
Topical term or geographic name as entry element Birds-India Burma and Ceylon
9 (RLIN) 2648
700 ## - ADDED ENTRY--PERSONAL NAME
Personal name Dave.K.N.
9 (RLIN) 2650
942 ## - ADDED ENTRY ELEMENTS (KOHA)
Source of classification or shelving scheme Dewey Decimal Classification
Koha item type English Books
Classification part 598.20954
Call number suffix VIR
Holdings
Withdrawn status Lost status Damaged status Not for loan Collection code Home library Current library Date acquired Source of acquisition Cost, normal purchase price Total Checkouts Full call number Barcode Date last seen Copy number Cost, replacement price Price effective from Koha item type
      Not For Loan Reference Central Library Central Library 30/05/2015 Cen Lib/Ret 15.00   598.20954 VIR 002094 30/05/2015 1 15.00 15/09/2016 English Books

© Delhi Public Library
Hit Counter
free hit counter